[Event "POL-chT 60th 1st League"]
[Site "Ustron"]
[Date "2004.09.04"]
[Round "1"]
[White "Persowski, Slawomir"]
[Black "Flasinski, Michal"]
[Result "1-0"]
[WhiteElo "2217"]
[BlackElo "2176"]
[PlyCount "80"]
[EventDate "2004.09.04"]
[EventType "team-tourn"]
[EventRounds "9"]
[EventCountry "POL"]
[SourceTitle "EXT 2007"]
[Source "ChessBase"]
[SourceDate "2006.11.23"]
[SourceVersion "1"]
[SourceVersionDate "2006.11.23"]
[SourceQuality "1"]
[WhiteTeam "Kozuchow Odrodzenie"]
[BlackTeam "Gliwice Politechnika Slaska"]
[WhiteTeamCountry "POL"]
[BlackTeamCountry "POL"]

1. Nf3 Nf6 2. b3 d5 3. Bb2 e6 4. g3 Bd6 5. Bg2 Nbd7 6. c4 0-0 7. 0-0 c6 8. d3 b5 9. Nbd2 Bb7 10. e4 dxe4 11. Nxe4 Nxe4 12. dxe4 Qe7 13. e5 Bc5 14. Nd2 Nb6 15. Qg4 bxc4 16. Ne4 Rfd8 17. Rfe1 Qf8 18. Rac1 Bb4 19. Bc3 Ba3 20. Rcd1 cxb3 21. axb3 Nd5 22. Ba5 Rdc8 23. Re2 Be7 24. h4 Ba6 25. Ra2 Bb5 26. Bd2 Rd8 27. Rda1 a6 28. Bg5 Bxg5 29. hxg5 Nb4 30. Qh5 Nxa2 31. Rxa2 Bd3 32. Nd6 Bg6 33. Qd1 f6 34. gxf6 gxf6 35. Bxc6 fxe5 36. Bxa8 Rxd6 37. Qf3 Qxf3 38. Bxf3 Rd3 39. Kg2 Rxb3 40. Rxa6 Kf7 1-0

[Event "POL-chT 1st League"]
[Site "Ustron"]
[Date "2003.09.14"]
[Round "9"]
[White "Olszewski, Marek"]
[Black "Persowski, Slawomir"]
[Result "1-0"]
[WhiteElo "2210"]
[BlackElo "2193"]
[PlyCount "73"]
[EventDate "2003.09.06"]
[EventType "team-tourn"]
[EventRounds "9"]
[EventCountry "POL"]
[SourceTitle "EXT 2005"]
[Source "ChessBase"]
[SourceDate "2004.11.15"]
[SourceVersion "1"]
[SourceVersionDate "2004.11.15"]
[SourceQuality "1"]
[WhiteTeam "Bydgoszcz Chemik"]
[BlackTeam "Kozuchow Odrodzenie"]
[WhiteTeamCountry "POL"]
[BlackTeamCountry "POL"]

1. e4 c5 2. Nf3 e6 3. c4 Nc6 4. Nc3 a6 5. d4 cxd4 6. Nxd4 Qc7 7. Be3 Nf6 8. Rc1 Ne5 9. Be2 d6 10. 0-0 Be7 11. f4 Ng6 12. Kh1 Bd7 13. Bd3 Rc8 14. Qf3 h5 15. h3 h4 16. Nde2 Qa5 17. Qf2 Qh5 18. b4 0-0 19. Ng1 b5 20. Be2 Qh7 21. c5 dxc5 22. e5 Nh5 23. Bxh5 Qxh5 24. Bxc5 Bxc5 25. bxc5 Bc6 26. Nce2 Ne7 27. Nd4 Rfd8 28. Nxc6 Rxc6 29. Nf3 Nf5 30. Rfd1 Rdc8 31. Rd7 Ng3+ 32. Kh2 Ne4 33. Qd4 Qg6 34. Rd8+ Kh7 35. Rxc8 Qg3+ 36. Kh1 Rxc8 37. Qxe4+ 1-0

[Event "POL-chB"]
[Site "Bielsko Biala"]
[Date "1991.??.??"]
[Round "2"]
[White "Sopur, Lech"]
[Black "Persowski, Slawomir"]
[Result "1-0"]
[WhiteElo "2280"]
[BlackElo "2240"]
[PlyCount "81"]
[EventDate "1991.??.??"]
[EventType "swiss"]
[EventRounds "11"]
[EventCountry "POL"]
[SourceTitle "EXT 1997"]
[Source "ChessBase"]
[SourceDate "1996.11.15"]
[SourceVersion "1"]
[SourceVersionDate "1996.11.15"]
[SourceQuality "1"]

1. d4 Nf6 2. c4 c5 3. d5 e5 4. Nc3 d6 5. e4 Be7 6. Nf3 0-0 7. g3 Nbd7 8. Bg2 Ne8 9. 0-0 g6 10. Ne1 Ng7 11. Nd3 f5 12. f4 Bf6 13. Kh1 a6 14. exf5 gxf5 15. fxe5 Nxe5 16. Nxe5 Bxe5 17. Bf4 Bxf4 18. Rxf4 Bd7 19. Qd2 Qg5 20. Bh3 Rae8 21. Raf1 h6 22. Qf2 Qe7 23. Rf3 b5 24. b3 Rf7 25. Nd1 Qe4 26. Nc3 Qe7 27. Kg1 Qg5 28. Ne2 bxc4 29. bxc4 Qd2 30. Nf4 Qb4 31. Ne6 Qxc4 32. Bxf5 Nxf5 33. Rxf5 Rxf5 34. Qxf5 Bxe6 35. Qg6+ Kh8 36. Qxh6+ Kg8 37. Qg6+ Kh8 38. Qxe8+ Bg8 39. Qh5+ Kg7 40. Qg5+ Kh7 41. Rf4 1-0

[Event "POL-ch sf"]
[Site "Gdynia"]
[Date "1987.??.??"]
[Round "2"]
[White "Persowski, Slawomir"]
[Black "Gdanski, Jacek"]
[Result "0-1"]
[WhiteElo "2270"]
[BlackElo "2300"]
[PlyCount "63"]
[EventDate "1987.??.??"]
[EventType "swiss"]
[EventRounds "13"]
[EventCountry "POL"]
[SourceTitle "EXT 1998"]
[Source "ChessBase"]
[SourceDate "1997.11.17"]
[SourceVersion "1"]
[SourceVersionDate "1997.11.17"]
[SourceQuality "1"]

1. e4 c5 2. Nf3 e6 3. b3 d6 4. Bb2 Nf6 5. Bb5+ Bd7 6. Bxd7+ Nbxd7 7. d3 Be7 8. 0-0 0-0 9. Nbd2 Qc7 10. Re1 Rfe8 11. Nf1 Ne5 12. Nxe5 dxe5 13. Re3 b5 14. Ng3 Rac8 15. Nh5 g6 16. Nxf6+ Bxf6 17. Rh3 Bg7 18. Qg4 c4 19. dxc4 bxc4 20. Rc3 Qb7 21. Qe2 Qa6 22. Kf1 f5 23. Rxc4 Rxc4 24. Qxc4 Qxc4+ 25. bxc4 Rc8 26. Rd1 a5 27. exf5 exf5 28. Rd5 e4 29. Bxg7 Kxg7 30. c5 Kf6 31. Ke2 Ke6 32. c4 0-1